000 00226 a2200097 4500
001 39786
100 _aMustansar Hussain Tarar
245 _aChick Chuk
260 _aLahore
_bSang-e-Meel Publications
_c
090 _c24793
_d24793
942 _aNUST-CAE
_cM
_c16439
999 _c274859
_d274859